00376nam a2200133 a 4500008004100000020001500041050001500056100002100071245002700092246005200119260003900171300002300210350000900233120416s0000 ||||||||||||||||| || u a0821323105 aIBRD(08)TP aSaint, William S10aUniversities in Africa astrategies for stabilization and revitalization aWashington, D.C.bWorld Bankc1992 axxiv, 140p. : ill. a0.00